| 000 | 01089nam0a2200313 4500 | ||
|---|---|---|---|
| 001 | RU\NLR\ONL2\17369 | ||
| 005 | 20250613131600.0 | ||
| 010 |
_a978-5-295-04920-0 _93000 |
||
| 035 | _a(NLR Aleph) 009664954 | ||
| 090 |
_a9632214 _c9632214 |
||
| 100 | _a20100420d2009 |||y0rusy50 ca | ||
| 101 | 0 | _atat | |
| 102 | _aRU | ||
| 105 | _aa ||||||||| | ||
| 200 | 1 |
_aТылсымлы алмалар _eэкиятлэр _fРэйсэ Хэлиуллина _g[рэс. А. Кужин] |
|
| 210 |
_aУфа _cКитап _d2009 |
||
| 215 |
_a101,[2] б. _cил. _d22 |
||
| 541 | 1 |
_6z01790 _aВолшебные яблоки _e[сказки]. _zrus |
|
| 686 | 1 | _aШ9(2)6=Татар-2 | |
| 700 | 1 |
_aХэлиуллина _bР. М. _gРэйсэ Мулланур кызы _4070 |
|
| 702 | 1 |
_aКужин _bА. _gАзат _4440 |
|
| 790 | 1 |
_6z01541 _aХалиуллина _bР. М. _gРайса Муллануровна _4070 |
|
| 801 | 0 |
_aRU _bNLR _c20100420 _gPSBO |
|
| 852 |
_aNLR _bОНЛ _jТатар./3-13817 |
||
| 942 | _cBOOK | ||
| 980 | _aNB | ||
| 980 | _aONL_RF | ||